<?xml version="1.0" encoding="UTF-8"?>
<record
    xmlns:xsi="http://www.w3.org/2001/XMLSchema-instance"
    xsi:schemaLocation="http://www.loc.gov/MARC21/slim http://www.loc.gov/standards/marcxml/schema/MARC21slim.xsd"
    xmlns="http://www.loc.gov/MARC21/slim">

  <leader>04316nam a2200373 a 4500</leader>
  <controlfield tag="003">OSt</controlfield>
  <controlfield tag="005">20250612093550.0</controlfield>
  <controlfield tag="007">cr ||||||a|c|a</controlfield>
  <controlfield tag="008">240624s2021    mx a|||fom||| 001 0 spa d</controlfield>
  <datafield tag="040" ind1=" " ind2=" ">
    <subfield code="e">rda</subfield>
  </datafield>
  <datafield tag="100" ind1="1" ind2=" ">
    <subfield code="9">189252</subfield>
    <subfield code="a">Orozco Duarte, Arleth</subfield>
  </datafield>
  <datafield tag="245" ind1="1" ind2="0">
    <subfield code="a">Identificaci&#xF3;n de hongos en semillas de ma&#xED;z (Zea mays) y tratamientos para reducir su incidencia /</subfield>
    <subfield code="c">por Arleth Orozco Duarte; director de tesis Santos Gerardo Leyva Mir; secretario  Mar&#xED;a Florencia Rodr&#xED;guez Garc&#xED;a; vocal Juan Lorenzo Medina Pital&#xFA;a; suplente J. Antonio Tafoya Razo; suplente Oscar Morales Galv&#xE1;n.</subfield>
  </datafield>
  <datafield tag="264" ind1=" " ind2="1">
    <subfield code="a">Chapingo, M&#xE9;xico :</subfield>
    <subfield code="b">El autor,</subfield>
    <subfield code="c">2021.</subfield>
  </datafield>
  <datafield tag="300" ind1=" " ind2=" ">
    <subfield code="a">1 recurso en l&#xED;nea (69 p&#xE1;ginas):</subfield>
    <subfield code="b">cuadros, figuras.</subfield>
  </datafield>
  <datafield tag="336" ind1=" " ind2=" ">
    <subfield code="2">rdacontent</subfield>
    <subfield code="a">texto</subfield>
    <subfield code="b">txt</subfield>
  </datafield>
  <datafield tag="337" ind1=" " ind2=" ">
    <subfield code="2">rdamedia</subfield>
    <subfield code="a">computadora</subfield>
    <subfield code="b">c</subfield>
  </datafield>
  <datafield tag="338" ind1=" " ind2=" ">
    <subfield code="2">rdacarrier</subfield>
    <subfield code="a">recurso en l&#xED;nea</subfield>
    <subfield code="b">cr</subfield>
  </datafield>
  <datafield tag="502" ind1=" " ind2=" ">
    <subfield code="b">IAEPA</subfield>
    <subfield code="c">Parasitolog&#xED;a</subfield>
    <subfield code="d">2021.</subfield>
    <subfield code="g">LIC</subfield>
  </datafield>
  <datafield tag="504" ind1=" " ind2=" ">
    <subfield code="a">Incluye referencias bibliogr&#xE1;ficas: p&#xE1;ginas 48-52.</subfield>
  </datafield>
  <datafield tag="520" ind1=" " ind2=" ">
    <subfield code="a">El cultivo de ma&#xED;z posee una excelente adaptaci&#xF3;n a distintos ambientes, alta productividad y amplia gama de usos, sin embargo; actualmente uno de los problemas m&#xE1;s importantes son las enfermedades de origen fungoso, ya que los hongos pueden encontrarse presentes dentro y fuera de las semillas, afectando la calidad de grano; por lo cual, el objetivo de la presente investigaci&#xF3;n fue identificar los hongos presentes en la semilla de ma&#xED;z y probar termoterapia y quimioterapia para su control. l experimento se estableci&#xF3; en la UACH y en el LANAREC-INIFAP-CEVAMEX. Se utilizaron cinco genotipos de ma&#xED;z y mediante la prueba de papel secante con descongelaci&#xF3;n se realiz&#xF3; la identificaci&#xF3;n morfol&#xF3;gica de los hongos presentes en la semilla. Posteriormente se estableci&#xF3; un experimento factorial con cuatro repeticiones que utiliz&#xF3; los mismos genotipos donde se realiz&#xF3; la identificaci&#xF3;n morfol&#xF3;gica de los hongos. Se probaron 16 tratamientos incluyendo el testigo sin tratar. La semilla tratada fue sembrada en cajas de Petri con medio PDA. Las variables evaluadas fueron porcentaje de semilla infectada (PSI) y porcentaje de germinaci&#xF3;n (PG).
En este estudio se identific&#xF3; morfol&#xF3;gicamente en las semillas de ma&#xED;z a Fusarium verticillioides, F. Graminearum, F. solani, Penicillium spp y Rhizoctonia solani. Por otra parte, el an&#xE1;lisis de varianza mostr&#xF3; alta significancia para PSI. El producto que mostr&#xF3; un mayor control de hongos (Tukey, p=0.05) fue Termoterapia + METACAPTAN, Termoterapia a 50&#xB0;C durante tres minutos + INTERGUZAN, hipoclorito de sodio + METACAPTAN. Otros tratamientos con una efectividad menor fueron: Termoterapia a 50&#xB0;C durante tres minutos + VITAVAX, hipoclorito de sodio al 2% + VITAVAX, hipoclorito de sodio al 2% + INTERGUZAN METACAPTAN, todos con porcentajes de semilla infectada menores al 5%. El hipoclorito de sodio al 5% reporta una incidencia del 18%, mientras que VITAVAX e INTERGUZAN una de 19%. Los tratamientos utilizados no tienen efectos negativos en la germinaci&#xF3;n de las semillas. La Termoterapia a 50&#xB0;C durante tres minutos disminuy&#xF3; la presencia de Fusarium verticillioides, F. graminearum y F. solani. Se observ&#xF3; diferencia en cuanto al nivel de resistencia de los genotipos, 1602 x 1606 fue el m&#xE1;s susceptible y el m&#xE1;s resistente fue CML-457. En la actualidad es importante considerar a los pat&#xF3;genos presentes en la semilla ya que son una fuente de dispersi&#xF3;n, disminuyen la producci&#xF3;n y causan da&#xF1;os a la salud.</subfield>
  </datafield>
  <datafield tag="650" ind1=" " ind2="4">
    <subfield code="9">131720</subfield>
    <subfield code="a">Hongos fitopat&#xF3;genos</subfield>
    <subfield code="x">Identificaci&#xF3;n</subfield>
  </datafield>
  <datafield tag="650" ind1=" " ind2="4">
    <subfield code="9">129457</subfield>
    <subfield code="a">Hongos fitopat&#xF3;genos</subfield>
    <subfield code="x">Control</subfield>
  </datafield>
  <datafield tag="650" ind1=" " ind2="4">
    <subfield code="9">70941</subfield>
    <subfield code="a">Ma&#xED;z</subfield>
    <subfield code="x">Enfermedades por hongos</subfield>
  </datafield>
  <datafield tag="650" ind1=" " ind2="4">
    <subfield code="9">70941</subfield>
    <subfield code="a">Ma&#xED;z</subfield>
    <subfield code="x">Enfermedades por hongos</subfield>
  </datafield>
  <datafield tag="650" ind1=" " ind2="4">
    <subfield code="9">189253</subfield>
    <subfield code="a">Temperatura</subfield>
    <subfield code="x">Efecto en hongos fitopat&#xF3;genos</subfield>
  </datafield>
  <datafield tag="650" ind1=" " ind2="4">
    <subfield code="9">189254</subfield>
    <subfield code="a">Quimioterapia</subfield>
    <subfield code="x">Efecto en hongos fitopat&#xF3;genos</subfield>
  </datafield>
  <datafield tag="700" ind1="1" ind2=" ">
    <subfield code="a">Leyva Mir, Santos Gerardo</subfield>
    <subfield code="e">Director de tesis.</subfield>
    <subfield code="9">66581</subfield>
  </datafield>
  <datafield tag="700" ind1="1" ind2=" ">
    <subfield code="a">Rodr&#xED;guez Garc&#xED;a, Mar&#xED;a Florencia</subfield>
    <subfield code="e">Secretario.</subfield>
    <subfield code="9">156448</subfield>
  </datafield>
  <datafield tag="700" ind1="1" ind2=" ">
    <subfield code="9">74013</subfield>
    <subfield code="a">Medina Pital&#xFA;a, Juan Lorenzo</subfield>
    <subfield code="e">Vocal.</subfield>
  </datafield>
  <datafield tag="700" ind1="0" ind2=" ">
    <subfield code="a">Tafoya Razo, Jos&#xE9; Antonio</subfield>
    <subfield code="e">Suplente.</subfield>
    <subfield code="9">111341</subfield>
  </datafield>
  <datafield tag="700" ind1="1" ind2=" ">
    <subfield code="9">78271</subfield>
    <subfield code="a">Morales Galv&#xE1;n, Oscar</subfield>
    <subfield code="e">Suplente.</subfield>
  </datafield>
  <datafield tag="856" ind1=" " ind2=" ">
    <subfield code="u">http://10.13.5.2/tesis/tl/2021_PA_Orozco_Duarte_Arleth.pdf</subfield>
    <subfield code="z">DESCARGAR PDF</subfield>
  </datafield>
  <datafield tag="942" ind1=" " ind2=" ">
    <subfield code="2">Clasificaci&#xF3;n Universidad Aut&#xF3;noma Chapingo</subfield>
    <subfield code="c">TD</subfield>
  </datafield>
  <datafield tag="999" ind1=" " ind2=" ">
    <subfield code="c">220018</subfield>
    <subfield code="d">220018</subfield>
  </datafield>
  <datafield tag="952" ind1=" " ind2=" ">
    <subfield code="0">0</subfield>
    <subfield code="1">0</subfield>
    <subfield code="2">local</subfield>
    <subfield code="4">0</subfield>
    <subfield code="5">1</subfield>
    <subfield code="7">0</subfield>
    <subfield code="8">TesDigL</subfield>
    <subfield code="a">BD</subfield>
    <subfield code="b">BD</subfield>
    <subfield code="c">E_L</subfield>
    <subfield code="d">2024-06-24</subfield>
    <subfield code="l">0</subfield>
    <subfield code="o">Tesis digital</subfield>
    <subfield code="r">2024-06-24 00:00:00</subfield>
    <subfield code="w">2024-06-24</subfield>
    <subfield code="y">TD</subfield>
  </datafield>
</record>
